| 000 | 00485cam a22001457a 4500 | ||
|---|---|---|---|
| 008 | 180718b1978 xxu||||| |||| 00| 0 eng d | ||
| 082 | _aZ442x5415 J559 | ||
| 100 | _aJha, Kumar Kant | ||
| 245 |
_aAgricultural finance in Nepal: an analytical study _cby Kumar Kant Jha |
||
| 260 |
_aNew Delhi _bHeritage _c1978 |
||
| 300 | _axvi, 241p | ||
| 650 | _aSaving and investment --Nepal | ||
| 650 | _aAgricultural cooperative credit associations --Nepal | ||
| 650 | _aAgricultural credit --Nepal | ||
| 999 |
_c427113 _d427113 |
||